000 01192nam a22002417a 4500
008 171104s2002 dk||||| |||| 00| 0 eng d
020 _a8790029682
082 0 4 _a709.2
_bT646p
100 1 _aTojner, Poul Erik.
_96084
245 1 4 _aPer Kirkeby :
_b122 x 122 paintings on masonite /
_ccuraduría por Per Kirkeby.
250 _a1a edición.
260 _aDinamarca :
_bLouisiana Museum of Modern Art,
_c2002.
300 _a136 páginas :
_bilustraciones en color.
500 _aCatálogo publicado con motivo a la exposición "Per Kirkeby: 122 x 122 paintings on masonite", presentada del 16 de mayo al 1 de setiembre de 2002, en Louisiana Museum of Modern Art.
505 0 _t"But maybe i'm simply that kind of old-fashioned type..." a conversation with Per Kirkeby
_rPoul Erik Tojner.
_tNearby and far-away: Per Kirkeby's fence paintings
_rMikkel Bogh.
_tA dark chapter in the history of Denmark
_rLars Morell.
_tUnearthing entropy: the maya caper in Kirkeby's art
_rJacob Wamberg.
653 1 0 _aArte contemporáneo
653 1 0 _aCatálogo de exhibición
653 1 0 _aBiografías artísticas
653 1 0 _aPintura
653 1 0 _aPintores
653 1 0 _aArte - Dinamarca
653 1 0 _aEnsayos
999 _c1349
_d1349